Die 50 größten Inseln Europas - Statistiken

Allgemein
  • Dieses Quiz wurde 792 mal gespielt
  • Das Durchschnittsergebnis liegt bei 17 aus 50
Antwortstatistiken
Land, zu dem die Insel gehört Die Insel % Korrekt
Island Island
91%
Irland, Vereinigtes Königreich Irland
90%
Italien Sizilien
90%
Griechenland Kreta
87%
Italien Sardinien
87%
Frankreich Korsika
85%
Zypern, Vereinigtes Königreich, (Türkei) Zypern
85%
Vereinigtes Königreich Großbritannien
81%
Spanien Mallorca
81%
Griechenland Rhodos
69%
Deutschland Rügen
65%
Norwegen Spitzbergen
57%
Portugal Madeira
52%
Schweden Gotland
51%
Griechenland Lesbos
50%
Dänemark Seeland
42%
Griechenland Euböa
34%
Dänemark Lolland
28%
Schweden Öland
28%
Dänemark Fünen
27%
Russland Nordinsel
26%
Griechenland Chios
25%
Estland Saaremaa
25%
Vereinigtes Königreich Skye
25%
Russland Südinsel
25%
Griechenland Kefalonia
24%
Vereinigtes Königreich Lewis and Harris
21%
Norwegen Nordostland
21%
Estland Hiiumaa
20%
Norwegen Hinnøya
18%
Portugal São Miguel
18%
Russland Alexandraland
17%
Vereinigtes Königreich Mainland
17%
Russland Waigatsch
17%
Russland Kolgujew
16%
Finnland Soisalo
15%
Norwegen Sørøya
15%
Russland Hall-Insel
14%
Russland Prinz-Georg-Land
13%
Norwegen Senja
13%
Russland Wilczek-Land
13%
Russland Graham-Bell-Insel
12%
Vereinigtes Königreich Isle of Mull
12%
Norwegen Barentsøya
9%
Norwegen Kvaløya
9%
Norwegen Langøya
9%
Russland Salisbury-Insel
9%
Russland Meschduscharski
5%
Norwegen Edgeøya
2%
Dänemark Vendsyssel-Thy
1%
Keine übereinstimmenden Quizze gefunden
Verteilung der Resultate
Anzahl Personen mit jedem Resultat
Perzentil nach korrekt beantworteten Fragen
Ihre Resultats-Entwicklung
Sie haben dieses Quiz noch nicht gespielt